000 00946cam a2200265 a 4500
008
020 _a9231037927(pbk.)
049 _aMAIN
090 _aTP248.13
100 1 _aSasson, Albert.
245 1 0 _aBiotechnologies in developing countries :
_bpresent and future.
_nVolume 3 Regional and subregional co-operation and joint ventures /
_cAlbert Sasson.
260 _aParis :
_bUNESCO,
_c2000.
300 _axviii, 1103 p. ;
_c24 cm.
440 0 _aFuture-oriented studies
504 _aIncludes bibliographical references.
505 1 _av. 1. Regional and national survey -- v. 2. International co-operation.
650 0 _aBiotechnology
_zDeveloping countries.
650 0 _aBiotechnology
_xInternational cooperation.
653 _aBiotechnologies.
907 _a.b10170194
_b04-08-05
_c01-08-05
003
005 20230123134043.0
040 _cNUST
942 _cBOOKS
_kTP248.13
999 _c159231
_d159231